Most Assists in Europe's Top 5 Leagues for Season 2024/25 - Statistics

General Stats
  • This quiz has been taken 77 times
  • The average score is 11 of 22
Answer Stats
# Assists Club Answer % Correct
3 13 Barcelona Lamine Yamal
99%
1 18 Liverpool Mohamad Salah
99%
3 13 Bayer Leverkusen Florian Wirtz
97%
5 11 Manchester United Bruno Fernandes
93%
2 16 Bayern München Michael Olise
84%
10 10 Barcelona Raphinha
78%
10 10 Paris Saint-Germain Bradley Barcola
76%
10 10 Arsenal Bukayo Saka
75%
5 11 Olympique Lyonnais Rayan Cherki
68%
10 10 Borussia Dortmund Julian Brandt
56%
5 11 Nottingham Forest Anthony Elanga
54%
10 10 Aston Villa Morgan Rogers
46%
10 10 SSC Napoli Romelu Lukaku
43%
5 11 Newcastle United Jacob Murphy
38%
10 10 Fulham FC Antonee Robinson
21%
10 10 SC Freiburg Vincenzo Grifo
19%
10 10 AS Monaco Maghnes Akliouche
18%
10 10 Werder Bremen Marvin Ducksch
12%
5 11 AJ Auxerre Gaëtan Perrin
7%
10 10 Nantes Moses Simon
7%
10 10 Werder Bremen Mitchell Weiser
6%
10 10 Borussia Dortmund Pascal Groß
6%
No matching quizzes found
Score Distribution
Percent of People with Each Score
Percentile by Number Answered
Your Score History
You have not taken this quiz